000 00718cam a2200253 4500
008 090401t1994 xxu||||| |||| 00| 0 eng d
020 _a187030845X
035 _a(Sirsi) u3578
041 _aeng
050 _a721.0212
245 _aArchitects` working details 2.
260 _aLondon
_bEmap Architecture Ltd.
_c1994
300 _a159p. : ill. ; 30cm.
350 _a14.5
490 _aArchitects' Working Details
_v2
520 _aReprinted from Architects Journal.
650 _aARCHITECTS WORKING DETAILS
650 _aARCHITECTURAL DETAILS
650 _aWORKING DETAILS
690 _aBUILT ENVIRONMENT-CONSTRUCTION DESIGN
700 _aBlyth, Alastair
_xEditor
942 _n0
948 _c04/03/1997
999 _c85903
_d85903